000 00938nam a2200205 a 4500
001 001009971
003 AM-YeHGA
005 20250617150554.0
008 140328s1974 ru r 000 0 rus d
040 _aAM-YeHGA
041 0 _arus
100 1 _aБурумкулов, Фархад Хикматович
245 1 0 _aКачество и надежность изделий машиностроения :
_bКонспект лекций /
_cФ. Х. Бурумкулов, М.Б. Гольдина, Б.М. Морозов.
260 _aМосква :
_bБ. и.,
_c1974.
300 _a310 с.
653 0 _aКонтроль качества промышленной продукции (стандартизация, надежность, защитные покрытия, техническая эстетика)
700 1 _aГольдина, М. Б.
700 1 _aМорозов, Борис Михайлович
090 _c335322
999 _c333553
_d333553